000 00222 a2200085 4500
020 _a9789492095190
100 _aHELVERT, M.V.
245 _aTHE RESPONSIBLE OBJECT : A HISTORY OF DESIGN IDEOLOGY FOR THE FUTURE
260 _bVALIZ
999 _c13081
_d13081